00318nam a2200133Ia 4500008004100000020001500041041001200056082001600068100001900084245003300103260002500136300000800161650001500169221030s9999 xx 000 0 und d a0070586756 aEnglish a105.23bCic aD. J. Cichelli 0aCompensating the Sales Force bTMHaNew Delhic2004 a218 aManagement